Systems analysis in water quality management : (Record no. 542857)
[ view plain ]
| 000 -LEADER | |
|---|---|
| fixed length control field | 00889nam a2200205 a 4500 |
| 020 ## - INTERNATIONAL STANDARD BOOK NUMBER | |
| International Standard Book Number | 0080355854 |
| 082 00 - DEWEY DECIMAL CLASSIFICATION NUMBER | |
| Classification number | 363.7394 |
| Author Mark | SYS |
| -- | L-1 , P-39 |
| 245 00 - TITLE STATEMENT | |
| Title | Systems analysis in water quality management : |
| Remainder of title | proceedings of a symposium held in London, U.K., 30 June-2 July 1987 / |
| Statement of responsibility, etc. | editor, M.B. Beck. |
| 250 ## - EDITION STATEMENT | |
| Edition statement | 1st ed. |
| 260 ## - PUBLICATION, DISTRIBUTION, ETC. | |
| Place of publication, distribution, etc. | Oxford ; |
| -- | New York : |
| Name of publisher, distributor, etc. | Pergamon Press, |
| Date of publication, distribution, etc. | 1987. |
| 300 ## - PHYSICAL DESCRIPTION | |
| Extent | x, 435 p. : |
| Other physical details | ill. ; |
| Dimensions | 26 cm. |
| 500 ## - GENERAL NOTE | |
| General note | Symposium sponsored by the IAWPRC Specialist Group on Systems Analysis in Water Quality Management. |
| 526 ## - STUDY PROGRAM INFORMATION NOTE | |
| Program name | 0 |
| Interest level | 0 |
| Reading level | 0 |
| Title point value | 363_739400000000000_SYS |
| 650 #0 - SUBJECT ADDED ENTRY--TOPICAL TERM | |
| Topical term or geographic name entry element | MCE |
| 9 (RLIN) | 379 |
| 650 #0 - SUBJECT ADDED ENTRY--TOPICAL TERM | |
| Topical term or geographic name entry element | System analysis |
| General subdivision | Congresses. |
| 9 (RLIN) | 38208 |
| 650 #0 - SUBJECT ADDED ENTRY--TOPICAL TERM | |
| Topical term or geographic name entry element | Water quality management |
| General subdivision | Mathematical models |
| -- | Congresses. |
| 9 (RLIN) | 38209 |
| 700 1# - ADDED ENTRY--PERSONAL NAME | |
| Personal name | Beck, M. B. |
| 9 (RLIN) | 38210 |
| 710 2# - ADDED ENTRY--CORPORATE NAME | |
| Corporate name or jurisdiction name as entry element | IAWPRC Specialist Group on Systems Analysis in Water Quality Management. |
| 9 (RLIN) | 38211 |
| 942 ## - ADDED ENTRY ELEMENTS (KOHA) | |
| Source of classification or shelving scheme | |
| Koha item type | Book |
| Withdrawn status | Lost status | Source of classification or shelving scheme | Damaged status | Not for loan | Permanent Location | Current Location | Date acquired | Total Checkouts | Full call number | Barcode | Date last seen | Price effective from | Koha item type |
|---|---|---|---|---|---|---|---|---|---|---|---|---|---|
| Military College of Engineering (MCE) | Military College of Engineering (MCE) | 02/20/2014 | 363.7394 SYS | MCE-29280 | 02/20/2014 | 02/20/2014 | Book |
